000 01065pam a2200277 a 4500
999 _c329302
_d329302
001 2051553
003 Nust
005 20170502165314.0
008 930713s1993 nyu 000 0 eng
010 _a 93028859
020 _a0802133525 :
_c$10.00
040 _aDLC
_cDLC
_dDLC
050 0 0 _aPR6066.I53
_bP37 1993
082 0 0 _a822.914 PIN
_220
100 1 _aPinter, Harold,
_d1930-2008.
240 1 0 _aParty time
245 1 0 _aParty time ; and, The new world order :
_btwo plays /
_cby Harold Pinter.
250 _a1st ed.
260 _aNew York :
_bGrove Press,
_cc1993.
300 _a60 p. ;
_c21 cm.
700 1 2 _aPinter, Harold,
_d1930-2008.
_tNew world order.
_f1993.
740 0 _aNew world order.
856 4 2 _3Publisher description
_uhttp://www.loc.gov/catdir/enhancements/fy1511/93028859-d.html
906 _a7
_bcbc
_corignew
_d1
_eocip
_f19
_gy-gencatlg
942 _2ddc
_cBK